000 00348nam a2200133Ia 4500
008 240624s9999 xx 000 0 und d
041 _aeng
082 _a658.4092 HAN
100 _aHANNUM KELLY
245 _aLEADING ACROSS DIFFERENCES CASEBOOK
260 _c2010
_aSan Francisco
_bPfeiffer
300 _axix, : 268 : p. : cm. ; 23
365 _c
_b27
999 _c15502
_d15502